Statistics for Plane Manufacturers of WWII

Click here to take the quiz!

General Stats

  • This quiz has been taken 22 times
  • The average score is 12 of 33

Answer Stats

HintAnswer% Correct
Messerschmitt BF 109Germany
100%
Supermarine SpitfireUnited Kingdom
100%
Douglas SBD DauntlessUnited States
95%
Mitsubishi A6M2 ZeroJapan
85%
Fiat CR.42Italy
80%
IL-2 SturmovikUSSR
80%
Fokker D.XXINetherlands
65%
Saab 17Sweden
55%
Dewoitine 520France
50%
CAC BoomarangAustralia
45%
Bristol Fairchild BolingbrokeCanada
45%
Chu X-POChina
45%
PZL P.24Poland
45%
IAR 37Romania
45%
Orlogsværftet O-MaskinenDenmark
30%
VL Viima IFinland
30%
Mávag HéjaHungary
30%
Marinens Flyvebaatfabrikk M.F.12Norway
30%
Avia B-34Czechoslovakia
20%
de Havilland Tiger MothNew Zealand
20%
Renard R.36Belgium
15%
CAP-4 PaulistinhaBrazil
15%
ANBO VIIILithuania
15%
I.Ae. 25 MañqueArgentina
10%
Aviotehas PTO-4Estonia
10%
AEKKEA-RAAB R-29Greece
10%
BoripatraSiam
10%
Ikarus IK-2Yugoslavia
10%
DAR 10Bulgaria
5%
Cukurs C.6bisLatvia
5%
Mráz Zobor ISlovakia
5%
Doflug D-3803Switzerland
0%
THK-2Turkey
0%

Score Distribution

Percentile by Number Answered

Percent of People with Each Score

Your Score History

You have not taken this quiz